000
00274nam a2200121Ia 4500
008
190216s9999||||xx |||||||||||||| ||und||
100
_a
Paul May
245
4
_a
The Business Of E Commerce
260
_b
Cambridge Uty Press
300
_a
270
650
_a
Commerce
942
_c
BK
999
_c
6710
_d
6710